Paroles - Tu vas me détruire, Notre Dame de Paris - Statistiques

Statistiques générales
  • Ce quiz a été pris 42 fois
  • Le résultat moyen est 247 sur 289
Statistiques - réponses
Paroles % Correct
de
100%
De
100%
détruire
100%
Et
100%
et
100%
je
100%
Je
100%
le
100%
ma
100%
Ma
100%
me
100%
Me
100%
te
100%
Tu
100%
tu
100%
vas
100%
vie
100%
fin
95%
la
95%
vais
95%
Dès
91%
Jusqu'à
91%
maudire
91%
dans
86%
jour
86%
nuit
86%
Qui
86%
qui
86%
mes
82%
ne
82%
premier
82%
que
82%
Que
82%
J'aurais
77%
prédire
77%
première
77%
pu
77%
ton
77%
Cet
73%
Sans
73%
vienne
73%
voir
73%
jupon
68%
Moi
68%
m'y
68%
océan
68%
passion
68%
chantes
64%
danses
64%
déraison
64%
déroute,
64%
l'attente
64%
Lentement
64%
noierai
64%
plus
64%
Pour
64%
veines
64%
vis
64%
cause
59%
j'y
59%
les
59%
main
59%
Mon
59%
mon
59%
plongerai
59%
voler
59%
bien
55%
déferle
55%
en
55%
qu'un
55%
qu'une
55%
retienne
55%
déveine
50%
fer
50%
ont
50%
remord
50%
un
50%
arbre
45%
chair
45%
Contre
45%
croyait
45%
Doucement
45%
feu
45%
hante
45%
lumière
45%
lune
45%
mystère
45%
vert
45%
voici
45%
yeux
45%
consume
41%
déchire
41%
d'illusion
41%
d'une
41%
étrangère
41%
fou
41%
l'hiver
41%
marchande
41%
m'enflamme
41%
Petite
41%
tourne
41%
Désir
36%
tourmente
36%
obsession
32%
péché,
32%
dérision
27%
Aucun quiz correspondant
Distribution des résultats
% des personnes avec chaque résultat
Percentile par nombre de réponses
Votre historique - résultats
Vous n’avez pas pris ce quiz